Spieler mit den meisten Bundesligaspielen unter 19 Jahren - Statistiken

Allgemein
  • Dieses Quiz wurde 184 mal gespielt
  • Das Durchschnittsergebnis liegt bei 9 aus 15
Antwortstatistiken
Spiele (Tore) Verein Jahr Debüt Spieler % Korrekt
60 (13) Leverkusen 2020 Florian Wirtz
96%
47 (9) Bayern 2020 Jamal Musiala
88%
61 (4) Dortmund 2020 Jude Bellingham
78%
63 (13) Dortmund 2020 Youssoufa Moukoko
75%
54 (7) Leverkusen 2016 Kai Havertz
73%
38 (9) Dortmund 2017 Jadon Sancho
69%
48 (4) Schalke 2011 Julian Draxler
68%
38 (6) Dortmund 2009 Mario Götze
58%
52 (7) Stuttgart 2013 Timo Werner
56%
47 (1) Dortmund 2005 Nuri Sahin
53%
50 (6) Dortmund 2019 Gio Reyna
47%
37 (6) Schalke 2012 Max Meyer
38%
42 (6) Dortmund 2016 Christian Pulisic
30%
36 (2) Köln 2019 Jan Thielmann
23%
42 (1) Dortmund 2004 Marc-Andre Kruska
11%
Keine übereinstimmenden Quizze gefunden
Verteilung der Resultate
Anzahl Personen mit jedem Resultat
Perzentil nach korrekt beantworteten Fragen
Ihre Resultats-Entwicklung
Sie haben dieses Quiz noch nicht gespielt